000 00419nam a2200145Ia 4500
008 100204s9999 xx 000 0 und d
082 _b9841
100 _aखानोलकर चिंतामणी त्र्यंबक
245 _aसनई
260 _b"मौज प्रकाशन , मुंबई"
_c1987 2
300 _a206
630 _aसनई
730 _aसनई
942 _cBOOK
999 _c454277
_d454274